banner koha

O porco virou carbono (Registro n. 331125)

MARC details
000 -LÍDER
fixed length control field 00899nab a2200289 4500
003 - CÓDIGO MARC DA AGÊNCIA CATALOGADORA
Campo de controle BR-BrBNA
005 - DATA E HORA DA ÚLTIMA ATUALIZAÇÃO
Campo de controle 20250421125053.0
008 - CAMPO DE TAMANHO FIXO
fixed length control field 250421b bl.||||| |||| 00| 0 por d
040 ## - FONTE DA CATALOGAÇÃO
Agência catalogadora BR-BrBNA
Idioma da catalogação por
072 ## - CATEGORIA AGRIS
Código AGRIS L01 ; P06 ; E70 ; P01
Código do objeto 4620 ; 5300
100 ## - ENTRADA PRINCIPAL - NOME PESSOAL
Nome pessoal Morais, Larissa
245 ## - TÍTULO PRINCIPAL
Título principal O porco virou carbono
Subtítulo Agronegócios
500 ## - NOTA GERAL
Nota geral 2 illus.
942 ## - ADDED ENTRY ELEMENTS (KOHA)
Koha item type Analítica
650 ## - ASSUNTO - THESAGRO
Cabeçalho tópico ou nome geográfico SUÍNO
650 ## - ASSUNTO - THESAGRO
Cabeçalho tópico ou nome geográfico RESÍDUO ORGÂNICO
650 ## - ASSUNTO - THESAGRO
Cabeçalho tópico ou nome geográfico METANO
650 ## - ASSUNTO - THESAGRO
Cabeçalho tópico ou nome geográfico GASES EFEITO ESTUFA
650 ## - ASSUNTO - THESAGRO
Cabeçalho tópico ou nome geográfico BIODIGESTOR
650 ## - ASSUNTO - THESAGRO
Cabeçalho tópico ou nome geográfico QUEIMA
650 ## - ASSUNTO - THESAGRO
Cabeçalho tópico ou nome geográfico SEQUESTRO DE CARBONO
650 ## - ASSUNTO - THESAGRO
Cabeçalho tópico ou nome geográfico GÁS
650 ## - ASSUNTO - THESAGRO
Cabeçalho tópico ou nome geográfico COMERCIALIZAÇÃO
650 ## - ASSUNTO - THESAGRO
Cabeçalho tópico ou nome geográfico PROTEÇÃO AMBIENTAL
773 0# - ENTRADA ANALÍTICA
Host Biblionumber 1706
Registro do item 347837
Imprenta São Paulo-SP Editora Três Ltda - E-mail: luizfsa@revistadinheiro.com.br 2004
Outro identificador 2025-0338
Título Dinheiro Rural (Brazil)
ISSN 1807-3700
Colação v. 4(28) p. 45; (Feb 2007)
Número de controle de registro BR2025000848

Nenhum exemplar disponível.

BINAGRI

Telefone: (61)3218-2567/2388/3357/2097 - binagri@agro.gov.br

Ministério da Agricultura e Pecuária , Esplanada dos Ministérios, Bloco D, Anexo B, Brasília/DF, CEP: 70.043-900